Eastern Utah Libraries Catalog: Duchesne, Heber, Roosevelt, & Vernal

Mia Mayhem and the super family field day / (Record no. 413002)

MARC details
000 -LEADER
fixed length control field 01894cam a2200469 i 4500
001 - CONTROL NUMBER
control field 1195707899
003 - CONTROL NUMBER IDENTIFIER
control field OCoLC
005 - DATE AND TIME OF LATEST TRANSACTION
control field 20251027174604.0
008 - FIXED-LENGTH DATA ELEMENTS--GENERAL INFORMATION
fixed length control field 200914s2020 nyua j 000 1 eng d
020 ## - INTERNATIONAL STANDARD BOOK NUMBER
International Standard Book Number 9781534477216
Qualifying information (hardcover)
020 ## - INTERNATIONAL STANDARD BOOK NUMBER
International Standard Book Number 1534477217
Qualifying information (hardcover)
020 ## - INTERNATIONAL STANDARD BOOK NUMBER
International Standard Book Number 9781534477209
Qualifying information (paperback)
020 ## - INTERNATIONAL STANDARD BOOK NUMBER
International Standard Book Number 1534477209
Qualifying information (paperback)
035 ## - SYSTEM CONTROL NUMBER
System control number (OCoLC)1195707899
Canceled/invalid control number (OCoLC)1139765309
-- (OCoLC)1139768633
-- (OCoLC)1198449902
040 ## - CATALOGING SOURCE
Original cataloging agency GCmBT
Language of cataloging eng
Description conventions rda
Transcribing agency FMG
Modifying agency FMG
050 14 - LIBRARY OF CONGRESS CALL NUMBER
Classification number PZ7.1.W43684
Item number Me 2020
082 04 - DEWEY DECIMAL CLASSIFICATION NUMBER
Classification number [E]
Edition number 23
092 ## - LOCALLY ASSIGNED DEWEY CALL NUMBER (OCLC)
Classification number junior fiction
Item number West
100 1# - MAIN ENTRY--PERSONAL NAME
Personal name West, Kara,
Relator term author.
9 (RLIN) 6479356
245 10 - TITLE STATEMENT
Title Mia Mayhem and the super family field day /
Statement of responsibility, etc by Kara West ; illustrated by Leeza Hernandez.
246 3# - VARYING FORM OF TITLE
Title proper/short title Super family field day.
250 ## - EDITION STATEMENT
Edition statement First Little Simon hardcover edition.
264 #1 - Production, Publication, Distribution, Manufacture, and Copyright Notice.
Place of production, publication, distribution, manufacture New York :
Name of producer, publisher, distributor, manufacturer Little Simon,
Date of production, publication, distribution, manufacture, or copyr 2020.
264 #4 - Production, Publication, Distribution, Manufacture, and Copyright Notice.
Date of production, publication, distribution, manufacture, or copyr ©2020.
300 ## - PHYSICAL DESCRIPTION
Extent 121 pages :
Other physical details illustrations ;
Dimensions 19 cm.
336 ## - Content Type
Content type term text
336 ## - Content Type
Content type term still image
337 ## - Media type
Media type term unmediated
338 ## - Carrier type
Carrier type term volume
490 1# - SERIES STATEMENT
Series statement Mia Mayhem ;
Volume number/sequential designation 9.
520 ## - SUMMARY, ETC.
Summary, etc Joining other students and their parents for family field day at PITS, Mia joins in potato sack races, a game of tug-of-war and a hula hoop ring toss that becomes increasingly dangerous as the region's most skilled superheroes compete to win.
521 ## - TARGET AUDIENCE NOTE
Target audience note Ages 5-9.
526 0# - STUDY PROGRAM INFORMATION NOTE
Program name Accelerated Reader AR
Interest level LG
Reading level 4
Title point value 1
Public note 514997.
650 #0 - SUBJECT ADDED ENTRY--TOPICAL TERM
Topical term or geographic name as entry element Superheroes
Form subdivision Juvenile fiction.
650 #0 - SUBJECT ADDED ENTRY--TOPICAL TERM
Topical term or geographic name as entry element Schools
Form subdivision Juvenile fiction.
650 #0 - SUBJECT ADDED ENTRY--TOPICAL TERM
Topical term or geographic name as entry element Families
Form subdivision Juvenile fiction.
9 (RLIN) 5674031
650 #0 - SUBJECT ADDED ENTRY--TOPICAL TERM
Topical term or geographic name as entry element Outdoor games
Form subdivision Juvenile fiction.
9 (RLIN) 6474140
650 #0 - SUBJECT ADDED ENTRY--TOPICAL TERM
Topical term or geographic name as entry element African Americans
Form subdivision Juvenile fiction.
9 (RLIN) 5674047
700 1# - ADDED ENTRY--PERSONAL NAME
Personal name Hernandez, Leeza,
Relator term illustrator.
9 (RLIN) 5872318
800 1# - SERIES ADDED ENTRY--PERSONAL NAME
Personal name West, Kara.
Title of a work Mia Mayhem ;
Volume/sequential designation 9.
9 (RLIN) 6479358
942 ## - ADDED ENTRY ELEMENTS (KOHA)
Source of classification or shelving scheme Dewey Decimal Classification
Koha item type BOOK
Holdings
Withdrawn status Lost status Source of classification or shelving scheme Damaged status Not for loan Collection code Home library Current library Shelving location Date acquired Source of acquisition Serial Enumeration / chronology Total Checkouts Full call number Barcode Date last seen Date checked out Cost, replacement price Price effective from Koha item type
    Dewey Decimal Classification     Junior Fiction Wasatch County Library Wasatch County Library Main Floor Junior Area 10/27/2025 Amazon #9 Mia Mayhem 1 J West 34301002171132 11/05/2025 10/29/2025 17.99 10/27/2025 BOOK
This project was made possible through a grant from the Institute of Museum and Library Service administered by the Utah State Library Division.

Wasatch County Library

  • 465 East 1200 South, Heber City, Utah 84032
  • Phone 435-654-1511 | Fax 435-654-6456

Hours

  • Monday - Friday 9:30 AM - 8:00 PM
  • Saturday 9:30 AM - 1:30 PM
  • Closed Sundays and Holidays